Electron optics /

Bibliographic Details
Main Author: Grivet, Pierre, 1911-1992
Format: Book
Language:English
Undetermined
Published: Oxford, New York : Pergamon Press, [1965]
Subjects:

MARC

Tag First Indicator Second Indicator Subfields
LEADER 00000cam a2200000 4500
001 in00000050147
005 20151007065803.0
008 740416s1965 enk b 00000 eng u
010 |a  64018245  
035 |a (OCoLC)00857726 
035 |9 AAE2682AM 
040 |c NED  |d TXA  |d UtOrBLW 
041 1 |a eng  |a und 
049 |a TXAM  |c [453385] 
050 0 |a QC447  |b .G653 1965 
082 0 |a 537.56 
092 |a 537.56  |b G872e, 1965 
100 1 |a Grivet, Pierre,  |d 1911-1992. 
245 1 0 |a Electron optics /  |c by P. Grivet with the collaboration of M. Y. Bernard [and others] Rev. by A. Septier. Translated by P. W. Hawkes. 
264 1 |a Oxford,  |a New York :  |b Pergamon Press,  |c [1965] 
300 |a  x, 781 pages :  |b illustrations ;  |c 24 cm. 
336 |a text  |b txt  |2 rdacontent 
337 |a unmediated  |b n  |2 rdamedia 
338 |a volume  |b nc  |2 rdacarrier 
500 |a "A translation with much revision and addition of Optique electronique." 
504 |a Bibliography: pages 749-775. 
650 0 |a Electron optics. 
999 |a MARS 
999 f f |s 1b1b0b1f-3d39-37bf-ae68-f7b59ca31323  |i 67a4e3f8-9522-3437-8f20-17749f99dc3a  |t 0 
952 f f |p ric  |a Texas A&M University  |b Rellis Campus  |c Joint Library Facility  |s JLF  |d Remote Storage  |t 0  |e QC447 .G653 1965  |h Library of Congress classification  |i unmediated -- volume  |m A14800925087 
998 f f |a QC447 .G653 1965  |t 0  |l Remote Storage